Statistiques concernant Nom des Digimon Saison 1

Cliquez ici pour prendre le quiz!

Statistiques générales

  • Ce quiz a été pris 217 fois
  • Le résultat moyen est 22 sur 42

Statistiques - réponses

DigisauveurDigimon% Correct
Tai / TaichiAgumon
97%
Tai / TaichiGreymon
93%
T.K. / TakeruAngemon
90%
Tai / TaichiMetalgreymon
88%
T.K. / TakeruPatamon
83%
Matt / YamatoGabumon
82%
Matt / YamatoGarurumon
80%
MimiPalmon
75%
Matt / YamatoMetalgarurumon
74%
Tai / TaichiWargreymon
73%
Kari / HikariAngewomon
72%
Kari / HikariGatomon
72%
Izzy / KoshiroKabuterimon
71%
SoraBirdramon
70%
Joe / JoGomamon
66%
Izzy / KoshiroTentomon
66%
SoraBiyomon
64%
Tai / TaichiKoromon
63%
MimiLilimon
63%
MimiTogemon
63%
Joe / JoIkkakumon
61%
Matt / YamatoWeregarurumon
61%
Izzy / KoshiroMégakabuterimon
56%
T.K. / TakeruMagnaangemon
55%
SoraGarudamon
49%
Joe / JoZudomon
48%
T.K. / TakeruTokomon
38%
Matt / YamatoTsunomon
37%
Kari / HikariSalamon
30%
SoraYokomon
30%
MimiTanemon
28%
Izzy / KoshiroMotimon
26%
Tai / TaichiBotamon
23%
T.K. / TakeruPoyomon
23%
Joe / JoBukamon
20%
Matt / YamatoPunimon
19%
Izzy / KoshiroPabumon
16%
Kari / HikariNyaromon
11%
MimiYuramon
8%
SoraNyokimon
7%
Joe / JoPichimon
6%
Kari / HikariYukimibotamon
6%

Distribution des résultats

Percentile par nombre de réponses

% des personnes avec chaque résultat

Votre développement - résultats

Vous n’avez pas pris ce quiz